[Event "Olympiad-44"]
[Site "Chennai"]
[Date "2022.08.06"]
[Round "8.2"]
[White "Sixtus, Gabriel"]
[Black "Al Sulaiti, Ghanem"]
[Result "0-1"]
[WhiteElo "1787"]
[BlackElo "2183"]
[PlyCount "94"]
[EventDate "2022.07.29"]
[EventType "team-swiss"]
[EventRounds "11"]
[EventCountry "IND"]
[SourceTitle "CBM 210"]
[Source "ChessBase"]
[SourceDate "2022.10.31"]
[SourceVersion "1"]
[SourceVersionDate "2022.10.31"]
[SourceQuality "1"]
[WhiteTeam "Santa Lucia"]
[BlackTeam "Qatar"]
[WhiteTeamCountry "SLU"]
[BlackTeamCountry "QAT"]

1. e4 c5 2. Nf3 Nc6 3. d4 cxd4 4. Nxd4 Nf6 5. Nc3 e5 6. Nb3 Bb4 7. Bg5 h6 8. Bxf6 Bxc3+ 9. bxc3 Qxf6 10. Qd3 0-0 11. Be2 Rd8 12. 0-0 d6 13. Rad1 Be6 14. Qb5 Rd7 15. Bc4 a6 16. Qa4 Bxc4 17. Qxc4 Rc8 18. Rd2 Rdc7 19. Qd5 Ne7 20. Qxd6 Qxd6 21. Rxd6 Rxc3 22. Rfd1 Rxc2 23. Rd8+ Kh7 24. Rxc8 Nxc8 25. Rc1 Rxc1+ 26. Nxc1 Kg6 27. Nd3 Kf6 28. f3 b6 29. Kf2 a5 30. h4 Ke6 31. Ke3 Kd6 32. a4 Ne7 33. g3 Nc6 34. f4 f6 35. h5 Nb4 36. Nb2 Kc5 37. f5 b5 38. g4 bxa4 39. Nxa4+ Kb5 40. Nc3+ Kc4 41. Na4 Kb3 42. Nc5+ Kc4 43. Nd7 a4 44. Nxe5+ fxe5 45. g5 hxg5 46. h6 gxh6 47. f6 Nc2+ 0-1

[Event "Olympiad-44"]
[Site "Chennai"]
[Date "2022.08.05"]
[Round "7.2"]
[White "Al Sulaiti, Ghanem"]
[Black "Ahn, Hongjin"]
[Result "0-1"]
[WhiteElo "2183"]
[BlackElo "2303"]
[PlyCount "44"]
[EventDate "2022.07.29"]
[EventType "team-swiss"]
[EventRounds "11"]
[EventCountry "IND"]
[SourceTitle "CBM 210"]
[Source "ChessBase"]
[SourceDate "2022.10.31"]
[SourceVersion "1"]
[SourceVersionDate "2022.10.31"]
[SourceQuality "1"]
[WhiteTeam "Qatar"]
[BlackTeam "South Korea"]
[WhiteTeamCountry "QAT"]
[BlackTeamCountry "KOR"]

1. e4 c5 2. Nf3 Nf6 3. e5 Nd5 4. c4 Nb4 5. a3 N4c6 6. b4 d6 7. Bb2 Nxe5 8. Nxe5 dxe5 9. b5 Nd7 10. Bd3 g6 11. Qe2 Bg7 12. h4 h5 13. f4 0-0 14. f5 e4 15. fxg6 exd3 16. Qxh5 fxg6 17. Qxg6 e5 18. Qxd3 Nf6 19. Qe3 Ng4 20. Qxc5 Nf2 21. 0-0 Nd3 22. Rxf8+ Bxf8 0-1

[Event "Olympiad-44"]
[Site "Chennai"]
[Date "2022.08.01"]
[Round "4.2"]
[White "Al Sulaiti, Ghanem"]
[Black "Sipila, Vilka"]
[Result "1/2-1/2"]
[WhiteElo "2183"]
[BlackElo "2416"]
[PlyCount "112"]
[EventDate "2022.07.29"]
[EventType "team-swiss"]
[EventRounds "11"]
[EventCountry "IND"]
[SourceTitle "CBM 210"]
[Source "ChessBase"]
[SourceDate "2022.10.31"]
[SourceVersion "1"]
[SourceVersionDate "2022.10.31"]
[SourceQuality "1"]
[WhiteTeam "Qatar"]
[BlackTeam "Finland"]
[WhiteTeamCountry "QAT"]
[BlackTeamCountry "FIN"]

1. e4 e6 2. d4 d5 3. Nc3 Bb4 4. e5 c5 5. Bd2 Ne7 6. Nb5 Bxd2+ 7. Qxd2 0-0 8. c3 a6 9. Nd6 cxd4 10. cxd4 Nbc6 11. f4 Nf5 12. Nxf5 exf5 13. Nf3 Be6 14. Be2 a5 15. 0-0 a4 16. Bb5 Na5 17. Bxa4 Nc4 18. Qb4 Qa5 19. Qxa5 Rxa5 20. Bc2 Rfa8 21. a4 Ne3 22. Rfc1 Nxc2 23. Rxc2 Rxa4 24. Rxa4 Rxa4 25. Kf2 Kf8 26. Ke3 h6 27. Kd3 Ke8 28. Rc3 Bd7 29. Ra3 Bb5+ 30. Kc2 Rc4+ 31. Rc3 Rb4 32. Rc5 Ba4+ 33. Kc1 Bc6 34. Kc2 Ra4 35. Kb3 Ra1 36. Kb4 Kd7 37. Rc2 Rd1 38. b3 Kc7 39. Ra2 Rd3 40. Ra8 Bd7 41. Rg8 g6 42. Rh8 g5 43. fxg5 hxg5 44. Nxg5 Rxd4+ 45. Kc3 Rg4 46. Nxf7 d4+ 47. Kc4 f4 48. Nd6 Be6+ 49. Kd3 Kc6 50. Ne4 Rxg2 51. Kxd4 Bxb3 52. Rh6+ Kc7 53. Rh7+ Kc6 54. Rh6+ Kc7 55. Rh7+ Kc6 56. Rh6+ Kc7 1/2-1/2

[Event "Olympiad-40"]
[Site "Istanbul"]
[Date "2012.09.07"]
[Round "10.4"]
[White "Al Sulaiti, Ghanem"]
[Black "Ross, Chris Neil"]
[Result "1/2-1/2"]
[WhiteElo "2178"]
[BlackElo "2231"]
[PlyCount "153"]
[EventDate "2012.08.28"]
[EventType "team-swiss"]
[EventRounds "11"]
[EventCountry "TUR"]
[SourceTitle "CBM 151"]
[Source "ChessBase"]
[SourceDate "2012.11.13"]
[SourceVersion "1"]
[SourceVersionDate "2012.11.13"]
[SourceQuality "1"]
[WhiteTeam "Qatar"]
[BlackTeam "IBCA"]
[WhiteTeamCountry "QAT"]

1. e4 c5 2. Nf3 e6 3. Nc3 a6 4. d4 cxd4 5. Nxd4 Qc7 6. Bd3 Bc5 7. Nb3 Ba7 8. Qg4 Kf8 9. Bf4 d6 10. Qg3 e5 11. Nd5 exf4 12. Nxc7 fxg3 13. hxg3 Bxf2+ 14. Kxf2 Ra7 15. Nd5 Be6 16. Nd4 Bxd5 17. exd5 g6 18. Be2 Nf6 19. Bf3 Nbd7 20. g4 Ne5 21. g5 Nfd7 22. Rh4 Ra8 23. b3 Kg7 24. Rah1 b5 25. Nc6 Rac8 26. a4 Nxc6 27. dxc6 Ne5 28. Be4 bxa4 29. bxa4 Nxc6 30. Rd1 Nb4 31. Rxd6 a5 32. Rd7 Rc5 33. Kg1 Rf8 34. Ra7 Kg8 35. Rf4 Nd5 36. Bxd5 Rxd5 37. Rb7 Rxg5 38. Rb5 Rxb5 39. axb5 Rc8 40. c4 a4 41. b6 a3 42. Rf3 Rxc4 43. Rxa3 Rb4 44. Ra8+ Kg7 45. Rb8 h5 46. Kf2 g5 47. b7 h4 48. Kf3 g4+ 49. Ke3 Kh7 50. Ra8 Rxb7 51. Ra4 Rb3+ 52. Kf4 h3 53. gxh3 gxh3 54. Ra2 Kg6 55. Kg4 f5+ 56. Kf4 Rc3 57. Rb2 Ra3 58. Rc2 Rd3 59. Ra2 Rb3 60. Rc2 Ra3 61. Rb2 Kh5 62. Kxf5 Rf3+ 63. Ke4 Rf8 64. Ke3 Kg4 65. Rb7 Rh8 66. Rg7+ Kf5 67. Rf7+ Kg5 68. Rg7+ Kf5 69. Rf7+ Kg6 70. Rf1 Kg5 71. Kf2 Kg4 72. Kg1 Kg3 73. Ra1 Rf8 74. Ra3+ Rf3 75. Rxf3+ Kxf3 76. Kh2 Ke4 77. Kxh3 1/2-1/2

[Event "Olympiad-40"]
[Site "Istanbul"]
[Date "2012.09.05"]
[Round "8.4"]
[White "Al Sulaiti, Ghanem"]
[Black "Kosic, Dragan"]
[Result "0-1"]
[WhiteElo "2178"]
[BlackElo "2526"]
[PlyCount "162"]
[EventDate "2012.08.28"]
[EventType "team-swiss"]
[EventRounds "11"]
[EventCountry "TUR"]
[SourceTitle "CBM 151"]
[Source "ChessBase"]
[SourceDate "2012.11.13"]
[SourceVersion "1"]
[SourceVersionDate "2012.11.13"]
[SourceQuality "1"]
[WhiteTeam "Qatar"]
[BlackTeam "Montenegro"]
[WhiteTeamCountry "QAT"]
[BlackTeamCountry "MNE"]

1. c4 Nf6 2. Nc3 c5 3. Nf3 Nc6 4. g3 e5 5. Bg2 d6 6. d3 h6 7. 0-0 Be7 8. a3 Be6 9. b3 d5 10. Bb2 d4 11. Nb1 0-0 12. Nbd2 Qd7 13. Ne1 Bh3 14. e4 dxe3 15. fxe3 Bxg2 16. Kxg2 Ng4 17. Qe2 f5 18. h3 Nf6 19. Ndf3 Qe6 20. Nh4 Nh7 21. Qh5 Bg5 22. Nef3 Rad8 23. Ng6 Qe8 24. Nxg5 Nxg5 25. g4 Rf6 26. gxf5 Rxd3 27. Rad1 Rxb3 28. Bc1 Ne7 29. Nxe7+ Qxe7 30. Rd5 Rbb6 31. h4 Nf7 32. Rfd1 Rfd6 33. Qg4 Rxd5 34. Rxd5 Rf6 35. Bb2 Rd6 36. Kh3 Rxd5 37. cxd5 Nd6 38. e4 b5 39. Kg2 a5 40. Kf3 b4 41. Bc1 Nf7 42. Qg1 b3 43. Qg3 Nd6 44. Bb2 Nc4 45. Qg6 Nxb2 46. Qa6 Na4 47. d6 Qd7 48. Qc4+ Kf8 49. Qxb3 c4 50. Qxc4 Nb6 51. Qc5 Nc8 52. Qxe5 Qxd6 53. Qxa5 Ne7 54. a4 Qd1+ 55. Kf2 Qd4+ 56. Kf3 Qd3+ 57. Kf4 Qh3 58. Qb6 Qxh4+ 59. Kf3 Qh1+ 60. Kf4 Qf1+ 61. Kg3 Qe1+ 62. Kf4 Qd2+ 63. Kg3 Qd3+ 64. Kf4 Qf1+ 65. Kg3 Qe1+ 66. Kf4 Qc1+ 67. Kg4 Qc4 68. Qb8+ Kf7 69. Qa8 Nc6 70. Qb7+ Kf6 71. Qb2+ Ne5+ 72. Kf4 Qf1+ 73. Ke3 Qd3+ 74. Kf2 Qxe4 75. Qb6+ Kxf5 76. a5 Kf4 77. a6 Nd3+ 78. Kg1 Qe1+ 79. Kg2 Qe2+ 80. Kg1 Ne5 81. Qd4+ Kg3 0-1

[Event "Olympiad-40"]
[Site "Istanbul"]
[Date "2012.09.04"]
[Round "7.4"]
[White "Takyrbashev, Bolot"]
[Black "Al Sulaiti, Ghanem"]
[Result "0-1"]
[WhiteElo "2195"]
[BlackElo "2178"]
[PlyCount "60"]
[EventDate "2012.08.28"]
[EventType "team-swiss"]
[EventRounds "11"]
[EventCountry "TUR"]
[SourceTitle "CBM 151"]
[Source "ChessBase"]
[SourceDate "2012.11.13"]
[SourceVersion "1"]
[SourceVersionDate "2012.11.13"]
[SourceQuality "1"]
[WhiteTeam "Kyrgyzstan"]
[BlackTeam "Qatar"]
[WhiteTeamCountry "KGZ"]
[BlackTeamCountry "QAT"]

1. d4 Nf6 2. c4 e6 3. Nf3 d5 4. Nc3 Be7 5. Bg5 0-0 6. e3 Nbd7 7. Rc1 dxc4 8. Bxc4 a6 9. a4 c5 10. 0-0 cxd4 11. exd4 Nb6 12. Ba2 Nbd5 13. Ne5 Nb4 14. Bb1 Bd7 15. Qf3 Bc6 16. Qh3 g6 17. Rfe1 Nh5 18. Bxe7 Qxe7 19. Nxc6 bxc6 20. Re5 Rfd8 21. Qe3 Nf6 22. h3 Rab8 23. Rc5 Qd6 24. Ne2 Nd7 25. Ra5 Qc7 26. Rg5 Nd5 27. Qa3 Qb6 28. Rc2 N7f6 29. Rd2 Qb4 30. Rg3 Qxd2 0-1

[Event "Olympiad-40"]
[Site "Istanbul"]
[Date "2012.08.31"]
[Round "4.4"]
[White "Al Sulaiti, Ghanem"]
[Black "Forster, Richard"]
[Result "0-1"]
[WhiteElo "2178"]
[BlackElo "2459"]
[PlyCount "76"]
[EventDate "2012.08.28"]
[EventType "team-swiss"]
[EventRounds "11"]
[EventCountry "TUR"]
[SourceTitle "CBM 151"]
[Source "ChessBase"]
[SourceDate "2012.11.13"]
[SourceVersion "1"]
[SourceVersionDate "2012.11.13"]
[SourceQuality "1"]
[WhiteTeam "Qatar"]
[BlackTeam "Switzerland"]
[WhiteTeamCountry "QAT"]
[BlackTeamCountry "SUI"]

1. e4 c5 2. Nf3 e6 3. b3 d6 4. Bb5+ Nd7 5. 0-0 Ngf6 6. Re1 a6 7. Bd3 b6 8. c3 Bb7 9. Bc2 Qc7 10. Qe2 Rc8 11. d3 g6 12. Bb2 Bg7 13. Nbd2 0-0 14. Rac1 e5 15. d4 exd4 16. cxd4 Rfe8 17. dxc5 bxc5 18. Bxf6 Nxf6 19. Qf1 a5 20. Rcd1 h6 21. Nc4 Re6 22. Rxd6 Rxd6 23. Nxd6 Qxd6 24. e5 Qa6 25. Bd3 Qa8 26. exf6 Bxf6 27. Qe2 Bc3 28. Rc1 Re8 29. Qc2 Bxf3 30. gxf3 Bd4 31. Be4 Qd8 32. Qd2 Bxf2+ 33. Qxf2 Qg5+ 34. Qg3 Qxc1+ 35. Kg2 Qb2+ 36. Kh3 Qf6 37. Qc7 Kg7 38. Qxa5 Rxe4 0-1

[Event "Olympiad-40"]
[Site "Istanbul"]
[Date "2012.08.28"]
[Round "1.4"]
[White "Manuel, Menandro"]
[Black "Al Sulaiti, Ghanem"]
[Result "0-1"]
[WhiteElo "1922"]
[BlackElo "2178"]
[PlyCount "92"]
[EventDate "2012.08.28"]
[EventType "team-swiss"]
[EventRounds "11"]
[EventCountry "TUR"]
[SourceTitle "CBM 151"]
[Source "ChessBase"]
[SourceDate "2012.11.13"]
[SourceVersion "1"]
[SourceVersionDate "2012.11.13"]
[SourceQuality "1"]
[WhiteTeam "Palau"]
[BlackTeam "Qatar"]
[WhiteTeamCountry "PAL"]
[BlackTeamCountry "QAT"]

1. d4 d5 2. c4 c6 3. e3 Nf6 4. Nc3 e6 5. Nf3 Nbd7 6. Bd3 dxc4 7. Bxc4 b5 8. Bd3 a6 9. Bd2 Bb7 10. 0-0 c5 11. Rc1 Bd6 12. Re1 0-0 13. e4 cxd4 14. Nxd4 Nc5 15. Bb1 Bxh2+ 16. Kxh2 Qxd4 17. Qe2 Ncxe4 18. Nxe4 Bxe4 19. Bxe4 Nxe4 20. Be3 Qe5+ 21. Kg1 Nf6 22. Rc5 Nd5 23. Rec1 h6 24. Qd2 Rfd8 25. g3 Qe4 26. Qc2 Qxc2 27. R1xc2 Nxe3 28. fxe3 Rd1+ 29. Kf2 Rad8 30. Ke2 g5 31. Rc7 Kg7 32. Ra7 g4 33. e4 R1d4 34. Ke3 Rd3+ 35. Kf4 h5 36. Rcc7 Kg6 37. Ke5 Rf8 38. Rxa6 Rxg3 39. Rb6 Rf3 40. Rxb5 Ra8 41. a3 h4 42. Rbc5 h3 43. Rc2 g3 44. Rc1 g2 45. Rg1 Rf1 46. Rc1 Rxc1 0-1

[Event "Pardubice Jihlavanka op-B 19th"]
[Site "Pardubice"]
[Date "2008.07.25"]
[Round "8"]
[White "Al Sulaiti, Ghanem"]
[Black "Van den Berg, Hilke"]
[Result "1-0"]
[WhiteElo "2135"]
[BlackElo "2195"]
[PlyCount "129"]
[EventDate "2008.07.18"]
[EventType "swiss"]
[EventRounds "9"]
[EventCountry "CZE"]
[SourceTitle "CBM 125 Extra"]
[Source "ChessBase"]
[SourceDate "2008.09.01"]
[SourceVersion "1"]
[SourceVersionDate "2008.09.01"]
[SourceQuality "1"]

1. e4 c5 2. Nf3 d6 3. d4 cxd4 4. Nxd4 Nf6 5. Nc3 Nc6 6. Bg5 e6 7. Qd2 a6 8. 0-0-0 h6 9. Be3 Bd7 10. f3 b5 11. g4 Ne5 12. Bd3 b4 13. Nce2 d5 14. g5 hxg5 15. Bxg5 dxe4 16. Bxe4 Nxe4 17. fxe4 Be7 18. Bxe7 Qxe7 19. Ng3 a5 20. Qe2 a4 21. Nf3 Nxf3 22. Qxf3 Bc6 23. Kb1 Rh4 24. Rd2 a3 25. Qe3 f5 26. Qb6 Qb7 27. Qxb7 Bxb7 28. Rd4 Bxe4 29. Nxe4 Rxe4 30. Rxe4 fxe4 31. Re1 Rd8 32. bxa3 bxa3 33. Kc1 Rd4 34. Re3 Ra4 35. c3 Ke7 36. Kc2 Ra5 37. Rxe4 Rf5 38. Kb3 Rf3 39. Re2 Kd6 40. Rg2 Rh3 41. Rxg7 Rxh2 42. Kxa3 e5 43. Kb3 e4 44. Rg5 Rd2 45. a4 Rd1 46. Rg8 Ra1 47. Re8 Kd5 48. c4+ Kd4 49. Rd8+ Ke3 50. c5 Kf2 51. Rf8+ Kg2 52. Re8 Kf3 53. Rf8+ Kg3 54. Kc3 Rxa4 55. c6 Ra7 56. Kd4 Re7 57. Ke3 Kg4 58. Rf4+ Kg5 59. Rxe4 Rc7 60. Rc4 Kf6 61. Kd4 Ke7 62. Kc5 Kd8 63. Kb5 Ke7 64. Kb6 Rc8 65. Kb7 1-0

[Event "Arab-ch U18"]
[Site "Abu Dhabi"]
[Date "2007.08.02"]
[Round "2"]
[White "Samhouri, Bilal"]
[Black "Al Sulaiti, Ghanem"]
[Result "1/2-1/2"]
[WhiteElo "2046"]
[BlackElo "2156"]
[PlyCount "127"]
[EventDate "2007.08.01"]
[EventType "swiss"]
[EventRounds "9"]
[EventCountry "UAE"]
[SourceTitle "EXT 2010"]
[Source "ChessBase"]
[SourceDate "2010.11.25"]
[SourceVersion "1"]
[SourceVersionDate "2010.11.25"]
[SourceQuality "1"]

1. d4 d5 2. Nf3 Nf6 3. c4 c6 4. cxd5 cxd5 5. Nc3 Nc6 6. Bf4 Bf5 7. e3 e6 8. Be2 Bb4 9. 0-0 0-0 10. Rc1 Rc8 11. h3 Bxc3 12. Rxc3 Ne4 13. Rc1 Qb6 14. Rb1 h6 15. a3 Na5 16. Bd3 Qb3 17. g4 Nxf2 18. Qxb3 Nxh3+ 19. Kh2 Nxb3 20. gxf5 Nxf4 21. exf4 exf5 22. Bxf5 Rc6 23. Rf2 Rf6 24. Bc2 Na5 25. Ne5 Rd8 26. f5 Nc4 27. Bd3 g5 28. Rg1 Rb6 29. Bxc4 dxc4 30. Rd1 Rbd6 31. Rfd2 b5 32. Kg3 h5 33. Nf3 f6 34. d5 Re8 35. Re1 Red8 36. Red1 Kf7 37. Kf2 a6 38. Ke3 h4 39. Nh2 Ke7 40. Ng4 R8d7 41. Nf2 Kd8 42. Ne4 Re7 43. Kd4 Rb6 44. Kc5 Rb8 45. Nxf6 Rf7 46. Ne4 Rxf5 47. Kd6 Rb6+ 48. Kc5 Rg6 49. Nd6 Rf3 50. Nb7+ Kc7 51. d6+ Kxb7 52. d7 Rc6+ 53. Kb4 c3 54. Rd4 Rf8 55. d8Q Rxd8 56. Rxd8 c2 57. Rc1 g4 58. Rh8 Rc4+ 59. Kb3 g3 60. a4 g2 61. axb5 axb5 62. Rg8 h3 63. Rg3 Rh4 64. Kc3 1/2-1/2

[Event "Abu Dhabi op 16th"]
[Site "Abu Dhabi"]
[Date "2006.08.20"]
[Round "8"]
[White "Al Sulaiti, Ghanem"]
[Black "El Arousy, Abdul Hameed"]
[Result "1/2-1/2"]
[WhiteElo "2128"]
[BlackElo "2352"]
[PlyCount "63"]
[EventDate "2006.08.12"]
[EventType "swiss"]
[EventRounds "9"]
[EventCountry "UAE"]
[SourceTitle "CBM 113 Extra"]
[Source "ChessBase"]
[SourceDate "2006.09.14"]
[SourceVersion "1"]
[SourceVersionDate "2006.09.14"]
[SourceQuality "1"]

1. e4 e6 2. d4 d5 3. Nc3 Nf6 4. e5 Nfd7 5. f4 c5 6. Nf3 Qb6 7. Be3 Nc6 8. Qd2 cxd4 9. Nxd4 Nxd4 10. Bxd4 Qd8 11. Qf2 Qa5 12. Bb5 a6 13. Bxd7+ Bxd7 14. 0-0 Rc8 15. f5 exf5 16. Bb6 Qxb6 17. Qxb6 Bc5+ 18. Qxc5 Rxc5 19. Rad1 Be6 20. Rd2 d4 21. Rxd4 Rxe5 22. Rb4 b5 23. a4 Bc4 24. axb5 Bxf1 25. bxa6 Bxa6 26. Rb8+ Kd7 27. Rxh8 Re1+ 28. Kf2 Rc1 29. Rxh7 Rxc2+ 30. Kg1 Rc1+ 31. Kf2 Rc2+ 32. Kg1 1/2-1/2

[Event "Abu Dhabi op 16th"]
[Site "Abu Dhabi"]
[Date "2006.08.19"]
[Round "7"]
[White "Al Sulaiti, Ghanem"]
[Black "Khouri, Ibrahim Mohamed"]
[Result "1-0"]
[WhiteElo "2128"]
[BlackElo "2035"]
[PlyCount "75"]
[EventDate "2006.08.12"]
[EventType "swiss"]
[EventRounds "9"]
[EventCountry "UAE"]
[SourceTitle "CBM 113 Extra"]
[Source "ChessBase"]
[SourceDate "2006.09.14"]
[SourceVersion "1"]
[SourceVersionDate "2006.09.14"]
[SourceQuality "1"]

1. e4 d5 2. exd5 Qxd5 3. Nc3 Qd6 4. d4 Nf6 5. Nf3 a6 6. Bd3 Bg4 7. Be3 e6 8. Qe2 Nc6 9. 0-0-0 Nb4 10. Bc4 b5 11. Bb3 Be7 12. h3 Bxf3 13. Qxf3 c6 14. Bf4 Qd7 15. g4 0-0 16. g5 Nfd5 17. Nxd5 Nxd5 18. Rhg1 a5 19. c3 a4 20. Bc2 b4 21. Rg4 f5 22. gxf6 Nxf6 23. Qd3 b3 24. Bb1 a3 25. Rdg1 axb2+ 26. Kd2 Rf7 27. axb3 Ra1 28. R4g2 Bf8 29. Be5 g6 30. Kc2 Bg7 31. Kxb2 Qa7 32. Qc4 Qa3+ 33. Kc2 Nd5 34. Bxg7 Rxf2+ 35. Rxf2 Ne3+ 36. Kd3 Nxc4 37. Bh6 Na5 38. Rgf1 1-0

[Event "Abu Dhabi op 16th"]
[Site "Abu Dhabi"]
[Date "2006.08.18"]
[Round "6"]
[White "Nadig, Kruttika"]
[Black "Al Sulaiti, Ghanem"]
[Result "1/2-1/2"]
[WhiteElo "2226"]
[BlackElo "2128"]
[PlyCount "132"]
[EventDate "2006.08.12"]
[EventType "swiss"]
[EventRounds "9"]
[EventCountry "UAE"]
[SourceTitle "CBM 113 Extra"]
[Source "ChessBase"]
[SourceDate "2006.09.14"]
[SourceVersion "1"]
[SourceVersionDate "2006.09.14"]
[SourceQuality "1"]

1. e4 c5 2. Nf3 Nc6 3. d4 cxd4 4. Nxd4 Nf6 5. Nc3 e5 6. Ndb5 d6 7. Bg5 a6 8. Na3 b5 9. Bxf6 gxf6 10. Nd5 f5 11. g3 Bg7 12. Bg2 f4 13. c3 0-0 14. 0-0 Ne7 15. Nc2 Nxd5 16. Qxd5 Be6 17. Qd2 Qc7 18. Rfd1 Rad8 19. a4 fxg3 20. hxg3 f5 21. exf5 Rxf5 22. Ne3 Rf7 23. axb5 axb5 24. Bd5 Bxd5 25. Qxd5 Qb7 26. Ra5 b4 27. cxb4 Qxb4 28. Nc4 Qb7 29. Nxd6 Qxd5 30. Rdxd5 Rfd7 31. Nf5 Rxd5 32. Ne7+ Kf7 33. Nxd5 Rb8 34. Ra7+ Kg6 35. Ne7+ Kf6 36. Nc6 Rxb2 37. Nxe5 h5 38. Nd3 Rb1+ 39. Kg2 Rb3 40. Nf4 Rb5 41. Kh3 Bh6 42. Ra6+ Kg7 43. Ne6+ Kh7 44. Kh4 Rd5 45. f4 Rb5 46. Nd4 Rd5 47. Nf3 Rf5 48. Nd4 Rd5 49. Ra7+ Kg6 50. Nc6 Rc5 51. Ne5+ Kf5 52. Rf7+ Ke4 53. Kxh5 Bxf4 54. gxf4 Rc1 55. Ng6 Ra1 56. f5 Ra3 57. Kh6 Ra1 58. f6 Kf5 59. Nh4+ Ke6 60. Rf8 Rf1 61. Kg7 Rg1+ 62. Ng6 Kf5 63. Kf7 Rxg6 64. Ke7 Rh6 65. f7 Re6+ 66. Kd7 Kf6 1/2-1/2

[Event "Abu Dhabi op 16th"]
[Site "Abu Dhabi"]
[Date "2006.08.13"]
[Round "2"]
[White "Al Sulaiti, Ghanem"]
[Black "Ibrahimov, Rasul"]
[Result "0-1"]
[WhiteElo "2128"]
[BlackElo "2528"]
[PlyCount "110"]
[EventDate "2006.08.12"]
[EventType "swiss"]
[EventRounds "9"]
[EventCountry "UAE"]
[SourceTitle "CBM 113 Extra"]
[Source "ChessBase"]
[SourceDate "2006.09.14"]
[SourceVersion "1"]
[SourceVersionDate "2006.09.14"]
[SourceQuality "1"]

1. e4 c5 2. Nf3 d6 3. d4 cxd4 4. Nxd4 Nf6 5. Nc3 a6 6. Be3 e5 7. Nf3 Qc7 8. a4 h6 9. a5 Be6 10. Be2 Nbd7 11. Nd2 Be7 12. 0-0 0-0 13. f4 exf4 14. Rxf4 d5 15. Qf1 Bc5 16. Bxc5 Qxc5+ 17. Qf2 d4 18. Nd5 Rae8 19. Nxf6+ Nxf6 20. Bd3 Ng4 21. Qg3 Ne5 22. Rf2 Rc8 23. h3 Rfd8 24. Nf3 Nxd3 25. cxd3 Qb5 26. Nh4 Rc5 27. Kh2 Rdc8 28. Rd2 Rc2 29. Qf2 Qxb2 30. Rad1 Rxd2 31. Rxd2 Qc3 32. Nf3 Rd8 33. Qh4 Qxa5 34. Qe7 Qb6 35. Rb2 Qxb2 36. Qxd8+ Kh7 37. Nxd4 Qd2 38. Nxe6 fxe6 39. Qd6 b5 40. Qxe6 Qxd3 41. Qf5+ Kg8 42. Qc8+ Kf7 43. Qxa6 Ke7 44. e5 Qd5 45. Qa7+ Ke6 46. Qb6+ Kxe5 47. Kh1 Kf5 48. Kh2 Qe5+ 49. Kh1 Ke4 50. Qa5 Kd3 51. Qb4 Qa1+ 52. Kh2 Qe5+ 53. Kh1 Kc2 54. Kg1 Qd5 55. Qg4 Qd1+ 0-1

[Event "Olympiad-37"]
[Site "Turin"]
[Date "2006.06.04"]
[Round "13"]
[White "Al Sulaiti, Ghanem"]
[Black "Thorhallsson, Throstur"]
[Result "0-1"]
[WhiteElo "2135"]
[BlackElo "2448"]
[PlyCount "44"]
[EventDate "2006.05.21"]
[EventType "team-swiss"]
[EventRounds "13"]
[EventCountry "ITA"]
[SourceTitle "CBM 113"]
[Source "ChessBase"]
[SourceDate "2006.07.31"]
[SourceVersion "1"]
[SourceVersionDate "2006.07.31"]
[SourceQuality "1"]
[WhiteTeam "Qatar"]
[BlackTeam "Iceland"]
[WhiteTeamCountry "QAT"]
[BlackTeamCountry "ISL"]

1. e4 d5 2. exd5 Nf6 3. d4 Nxd5 4. Nf3 g6 5. Be2 Bg7 6. 0-0 0-0 7. Re1 c5 8. dxc5 Na6 9. Bxa6 bxa6 10. a3 Be6 11. Nd4 Nc7 12. c3 Bd5 13. Qe2 e5 14. Nc2 f5 15. Nb4 Bf7 16. Rd1 Qh4 17. Rd7 Ne6 18. c6 Nc5 19. Rxf7 Rxf7 20. Nd5 Nb3 21. Qxa6 Qe4 22. c7 Qxd5 0-1

[Event "Turin olympic op-A"]
[Site "Turin"]
[Date "2006.05.27"]
[Round "7"]
[White "Al Sulaiti, Ghanem"]
[Black "Simonenko, Sergei"]
[Result "0-1"]
[WhiteElo "2135"]
[BlackElo "2409"]
[PlyCount "70"]
[EventDate "2006.05.22"]
[EventType "swiss"]
[EventRounds "9"]
[EventCountry "ITA"]
[SourceTitle "EXT 2011"]
[Source "ChessBase"]
[SourceDate "2010.11.26"]
[SourceVersion "1"]
[SourceVersionDate "2010.11.26"]
[SourceQuality "1"]

1. e4 g6 2. d4 Bg7 3. Nc3 d6 4. g3 Nf6 5. Bg2 0-0 6. Nge2 e5 7. h3 Nc6 8. Be3 exd4 9. Nxd4 Bd7 10. 0-0 a6 11. a4 Re8 12. Qd2 Ne5 13. b3 c5 14. Nde2 Bxh3 15. f4 Bxg2 16. fxe5 Nxe4 17. Nxe4 Bxe4 18. exd6 Qd7 19. Kh2 Bxc2 20. Rac1 Bxb3 21. Rxc5 Rad8 22. Bf4 Qg4 23. Nd4 Bxa4 24. Rg5 Qd7 25. Nf5 Bb5 26. Rf2 Bf6 27. Nh6+ Kg7 28. Ng4 Ba1 29. Qc1 Bd4 30. Qd2 Re4 31. Qxd4+ Rxd4 32. Be5+ Kf8 33. Bxd4 f5 34. Be5 Qe6 35. Bc3 Rxd6 0-1

[Event "Abu Dhabi op 15th"]
[Site "Abu Dhabi"]
[Date "2005.08.21"]
[Round "7"]
[White "Al Sulaiti, Ghanem"]
[Black "Coleman, James"]
[Result "1-0"]
[WhiteElo "2076"]
[BlackElo "2206"]
[PlyCount "47"]
[EventDate "2005.08.14"]
[EventType "swiss"]
[EventRounds "9"]
[EventCountry "UAE"]
[SourceTitle "CBM 107 Extra"]
[Source "ChessBase"]
[SourceDate "2005.09.01"]
[SourceVersion "1"]
[SourceVersionDate "2005.09.01"]
[SourceQuality "1"]

1. e4 e5 2. Nf3 Nc6 3. Bc4 Nf6 4. d3 Be7 5. 0-0 0-0 6. Bb3 d6 7. c3 h6 8. Nbd2 Nh7 9. Nc4 Ng5 10. Nxg5 Bxg5 11. f4 exf4 12. Bxf4 Bxf4 13. Rxf4 Be6 14. Ne3 Qg5 15. Rf3 Bg4 16. Nxg4 Qxg4 17. Qd2 Ne5 18. Rg3 Qh5 19. Rf1 Kh8 20. Rf5 Qh4 21. Rh3 Qe7 22. Rxh6+ gxh6 23. Qxh6+ Kg8 24. Rh5 1-0

[Event "Abu Dhabi op 15th"]
[Site "Abu Dhabi"]
[Date "2005.08.16"]
[Round "3"]
[White "Karavade, Eesha"]
[Black "Al Sulaiti, Ghanem"]
[Result "1/2-1/2"]
[WhiteElo "2370"]
[BlackElo "2076"]
[PlyCount "98"]
[EventDate "2005.08.14"]
[EventType "swiss"]
[EventRounds "9"]
[EventCountry "UAE"]
[SourceTitle "CBM 107 Extra"]
[Source "ChessBase"]
[SourceDate "2005.09.01"]
[SourceVersion "1"]
[SourceVersionDate "2005.09.01"]
[SourceQuality "1"]

1. Nf3 d5 2. g3 Nf6 3. Bg2 c6 4. 0-0 Bg4 5. d3 Nbd7 6. Qe1 e5 7. e4 dxe4 8. dxe4 Bc5 9. Nbd2 0-0 10. h3 Bh5 11. a4 Bxf3 12. Bxf3 a5 13. Nc4 Qe7 14. Bd2 Qe6 15. Ne3 Qxh3 16. Bg2 Qh5 17. Bxa5 Bxe3 18. fxe3 Ng4 19. Rf3 Ndf6 20. Bb4 Rfe8 21. Rf5 Qh2+ 22. Kf1 g6 23. Rxf6 Nxf6 24. Qf2 Ng4 25. Qf3 Qh5 26. Ke1 Re6 27. Qe2 Qg5 28. Bh3 Nxe3 29. Bxe6 Qxg3+ 30. Kd2 Rd8+ 31. Bd5 cxd5 32. Qxe3 Qg2+ 33. Qe2 dxe4+ 34. Ke1 Qg1+ 35. Qf1 Qe3+ 36. Qe2 Qg1+ 37. Qf1 Qg5 38. Ke2 Qg4+ 39. Ke3 Qg3+ 40. Ke2 f5 41. Bc3 f4 42. Qf2 Qg4+ 43. Kf1 e3 44. Qe2 f3 45. Qxe3 Qg2+ 46. Ke1 Qh1+ 47. Kf2 Qg2+ 48. Ke1 Qh1+ 49. Kf2 Qg2+ 1/2-1/2